|
|
|
|
| LEADER |
00000nam a2200000 a 4500 |
| 001 |
vtls001418434 |
| 003 |
SK-MaSNL |
| 005 |
20260302035232.0 |
| 008 |
240315s2001 xo ap r yy slo |
| 015 |
|
|
|a SNBA2001/10-03475
|
| 020 |
|
|
|a 8085454319
|
| 035 |
|
|
|a SNK000373236
|
| 035 |
|
|
|a urn:nbn:sk:snk-amlrmg
|
| 035 |
|
|
|a urn:nbn:sk:snk-am00c9y8
|
| 035 |
|
|
|a FE77E6CD-CF76-451B-A016-0454463ADAEE
|
| 040 |
|
|
|a SNK
|b slo
|c SNK
|e AACR2
|
| 041 |
0 |
|
|a slo
|
| 044 |
|
|
|a xo
|c SK
|
| 080 |
|
|
|a 33(075.3)
|2 1981
|
| 100 |
1 |
|
|a Kubančoková, Jana
|4 aut
|9 296551
|
| 245 |
1 |
|
|a Ekonomika pre 3. ročník SPŠ stavebných
|b podnik a jeho činnosti
|c Jana Kubančoková
|
| 260 |
|
|
|a Bratislava
|b Proxima press
|c 2001
|
| 300 |
|
|
|a 64 s.
|b sch., tab.
|c 30 cm
|
| 504 |
|
|
|a Bibliogr. s. 59
|
| 650 |
0 |
7 |
|a ekonomika
|x učebnice stred. priem. škôl staveb. (3. roč.)
|2 SNK
|9 687871
|
| 655 |
|
7 |
|a učebnice
|2 SNK
|9 22521
|
| 919 |
|
|
|a 80-85454-31-9
|
| 958 |
|
|
|a TL
|
| 958 |
|
|
|a NB
|
| 958 |
|
|
|a UC
|
| 958 |
|
|
|a OND
|
| 999 |
|
|
|c 1069813
|d 1071743
|
| 952 |
|
|
|t P60, <03>, [BOOK], {603}
|a SNK
|b SNK
|y PREZ
|7 0
|p 17A0310704
|o snkSB 63803
|i snkKSP 9740/2001
|0 0
|1 0
|4 0
|d 2001-08-16
|f 1
|l 0
|r 2025-04-17 00:00:00
|w 2026-02-24
|
| 952 |
|
|
|t P60, <04>, [BOOK], {604}
|a SNK
|b SNK
|y VYP
|7 0
|p 17A0310705
|o snkSB 63803 D1
|i snkKSP 9741/2001
|0 0
|1 0
|4 0
|d 2001-08-16
|l 0
|r 2005-01-02 00:00:00
|w 2026-02-24
|